| 000 | 00693nam a2200265Ia 4500 | ||
|---|---|---|---|
| 003 | OSt | ||
| 005 | 20220928125823.0 | ||
| 006 | a|||||r|||| 00| 0 | ||
| 007 | ta | ||
| 008 | 220927b |||||||| |||| 00| 0 eng d | ||
| 024 | _a74369 | ||
| 037 | _cTextual | ||
| 040 |
_aSDCL _cSDCL _beng |
||
| 041 |
_2eng _aeng |
||
| 082 | _aX:8F, N5 | ||
| 100 |
_aAnthony Robert N _9373262 |
||
| 245 | 0 | _aAccounting principles | |
| 250 | _a7 | ||
| 260 |
_aChicago _bIrwin _c1995 |
||
| 300 |
_axviii,686p _ccm. |
||
| 490 | _aIrwin graduate accounting series | ||
| 700 | _a Reece James S | ||
| 942 |
_hX:8F, N5 _cTEXL _2CC |
||
| 999 |
_c784147 _d784147 |
||